[Event "Mexican op 67th"]
[Site "Chihuahua City"]
[Date "2022.04.17"]
[Round "9"]
[White "Lopez Raygoza, Luis Alberto"]
[Black "Flores Irurso, Paul Josue"]
[Result "1-0"]
[WhiteElo "2210"]
[BlackElo "1917"]
[PlyCount "69"]
[EventDate "2022.04.12"]
[EventType "swiss"]
[EventRounds "9"]
[EventCountry "MEX"]
[SourceTitle "CBM 207 Extra"]
[Source "ChessBase"]
[SourceDate "2022.05.31"]
[SourceVersion "1"]
[SourceVersionDate "2022.05.31"]
[SourceQuality "1"]

1. e4 c5 2. Nf3 Nc6 3. Bb5 g6 4. Bxc6 bxc6 5. 0-0 d5 6. d3 Bg7 7. Re1 Bg4 8. h3 Bxf3 9. Qxf3 e6 10. Nc3 Ne7 11. Bg5 d4 12. Na4 Qa5 13. b3 c4 14. Bf6 Kf8 15. dxc4 e5 16. Nb2 Qa3 17. Nd3 Qd6 18. Bg5 c5 19. Bc1 f6 20. Ba3 Rc8 21. Rad1 Qb6 22. Nxe5 Qa5 23. Nd7+ Kf7 24. e5 f5 25. e6+ Ke8 26. Bc1 h6 27. a3 Qa6 28. Bf4 Rg8 29. Be5 Bxe5 30. Rxe5 Rg7 31. Rxc5 Qxe6 32. Rxc8+ Nxc8 33. Nc5 Qd6 34. Nd3 Qxa3 35. Qc6+ 1-0

[Event "Mexican op 67th"]
[Site "Chihuahua City"]
[Date "2022.04.15"]
[Round "6"]
[White "Flores Guerrero, Jesus Aldair"]
[Black "Flores Irurso, Paul Josue"]
[Result "1/2-1/2"]
[WhiteElo "2202"]
[BlackElo "1917"]
[PlyCount "52"]
[EventDate "2022.04.12"]
[EventType "swiss"]
[EventRounds "9"]
[EventCountry "MEX"]
[SourceTitle "CBM 207 Extra"]
[Source "ChessBase"]
[SourceDate "2022.05.31"]
[SourceVersion "1"]
[SourceVersionDate "2022.05.31"]
[SourceQuality "1"]

1. d4 Nf6 2. e3 g6 3. f4 Bg7 4. Nf3 0-0 5. Be2 d5 6. 0-0 Nbd7 7. c3 Ne4 8. Nbd2 Ndf6 9. Nxe4 Nxe4 10. Nd2 Nd6 11. Bf3 c6 12. g4 f5 13. g5 Ne4 14. Nxe4 fxe4 15. Bg4 Bf5 16. Rf2 Qd7 17. Rg2 Kf7 18. Bd2 Rh8 19. h4 h5 20. Bxf5 Qxf5 21. Kh2 Qd7 22. Rg3 e6 23. Rg2 Bf8 24. Rg3 Bd6 25. a3 Kg7 26. Rg2 Raf8 1/2-1/2

[Event "Iberoamerican-ch 8th"]
[Site "Mexico City"]
[Date "2022.02.19"]
[Round "9"]
[White "Flores Irurso, Paul Josue"]
[Black "Vega Garcia, Jorge Arturo"]
[Result "0-1"]
[WhiteElo "1912"]
[BlackElo "2121"]
[PlyCount "114"]
[EventDate "2022.02.12"]
[EventType "swiss"]
[EventRounds "9"]
[EventCountry "MEX"]
[SourceTitle "CBM 206 Extra"]
[Source "ChessBase"]
[SourceDate "2022.03.31"]
[SourceVersion "1"]
[SourceVersionDate "2022.03.31"]
[SourceQuality "1"]

1. e4 e5 2. Nf3 Nc6 3. Bc4 Bc5 4. c3 Qe7 5. 0-0 d6 6. d4 Bb6 7. Bg5 Nf6 8. d5 Nb8 9. Qd3 Nbd7 10. Nbd2 h6 11. Be3 0-0 12. Nh4 Nc5 13. Bxc5 Bxc5 14. b4 Bb6 15. Bb3 Nxd5 16. g3 Nf4 17. gxf4 Qxh4 18. f5 Kh8 19. Nf3 Qf4 20. Ne1 g6 21. Ng2 Qg4 22. Qd2 Kh7 23. fxg6+ fxg6 24. Rae1 Bd7 25. a4 a5 26. b5 Rf6 27. Bd1 Qh3 28. Ne3 Raf8 29. f3 Qh4 30. Kh1 Bh3 31. Nd5 R6f7 32. Nxb6 Bxf1 33. Rxf1 cxb6 34. Qe3 Qd8 35. c4 Qc7 36. Be2 Qc5 37. Qxc5 bxc5 38. Kg2 b6 39. Rd1 Rd8 40. Kg3 Kg7 41. Rd5 Kf8 42. Rd1 Ke7 43. h3 Rf4 44. Rd2 Rdf8 45. Rd1 R8f6 46. Rd3 g5 47. Rc3 h5 48. Re3 Kf7 49. Kg2 Kg6 50. Kg3 Rf8 51. Rd3 R8f6 52. Re3 Kh6 53. Kg2 g4 54. hxg4 hxg4 55. Kf2 Kg6 56. Kg2 Kg5 57. Kg3 Rxf3+ 0-1

[Event "Mexican op 66th"]
[Site "Villahermosa"]
[Date "2021.08.08"]
[Round "8"]
[White "Flores Irurso, Paul Josue"]
[Black "Mateos Bernabe, Luis Javier"]
[Result "1/2-1/2"]
[WhiteElo "1952"]
[BlackElo "1784"]
[PlyCount "104"]
[EventDate "2021.08.04"]
[EventType "swiss"]
[EventRounds "8"]
[EventCountry "MEX"]
[SourceTitle "CBM 203 Extra"]
[Source "ChessBase"]
[SourceDate "2021.09.30"]
[SourceVersion "1"]
[SourceVersionDate "2021.09.30"]
[SourceQuality "1"]

1. e4 c5 2. Nf3 d6 3. d4 cxd4 4. Nxd4 Nf6 5. Nc3 g6 6. Be3 Bg7 7. f3 Nc6 8. Bc4 0-0 9. Qd2 Nd7 10. 0-0-0 Nb6 11. Bb5 Ne5 12. b3 a6 13. Be2 Bd7 14. g4 Qc7 15. h4 Rfc8 16. Nb1 a5 17. Rdg1 a4 18. Kd1 axb3 19. cxb3 d5 20. f4 Nec4 21. bxc4 Nxc4 22. Bxc4 Qxc4 23. Rh2 dxe4 24. h5 Ba4+ 25. Ke1 Be8 26. Qb2 Qd3 27. Qb3 Bxd4 28. Qxd3 exd3 29. Bxd4 Rc1+ 30. Kf2 Rxa2+ 31. Kg3 Rxg1+ 32. Bxg1 Ra1 33. Rb2 d2 34. Rxd2 Rxb1 35. Bc5 f6 36. Bxe7 Kf7 37. hxg6+ hxg6 38. Bd8 Re1 39. Kf2 Re4 40. Kg3 Bc6 41. Rd6 Re3+ 42. Kh2 Re6 43. Rd4 Ke8 44. Kg3 Re3+ 45. Kf2 Re6 46. Kg3 Bd7 47. Ba5 Re3+ 48. Kh4 Bc6 49. Rd2 b5 50. Bb6 Re4 51. Rd6 Bd7 52. Rxf6 Re6 1/2-1/2

[Event "Mexican op 66th"]
[Site "Villahermosa"]
[Date "2021.08.04"]
[Round "1"]
[White "Hevia Alejano, Carlos Antonio"]
[Black "Flores Irurso, Paul Josue"]
[Result "1-0"]
[WhiteElo "2464"]
[BlackElo "1952"]
[PlyCount "73"]
[EventDate "2021.08.04"]
[EventType "swiss"]
[EventRounds "8"]
[EventCountry "MEX"]
[SourceTitle "CBM 203 Extra"]
[Source "ChessBase"]
[SourceDate "2021.09.30"]
[SourceVersion "1"]
[SourceVersionDate "2021.09.30"]
[SourceQuality "1"]

1. Nf3 Nf6 2. b3 d6 3. g3 e5 4. Bg2 Be7 5. c4 0-0 6. Nc3 c6 7. Qc2 Nbd7 8. d4 Qc7 9. 0-0 a5 10. Rd1 Re8 11. d5 cxd5 12. Nxd5 Nxd5 13. Rxd5 Nf6 14. Rd2 Bd7 15. Ng5 Rac8 16. a4 Bc6 17. Ne4 Red8 18. Bb2 Qb6 19. Nxf6+ Bxf6 20. Bd5 Qc7 21. Rad1 Bg5 22. e3 Be8 23. h4 Bf6 24. h5 Qe7 25. Ba3 Bc6 26. Be4 Bxe4 27. Qxe4 Rc6 28. Rd5 b6 29. h6 g6 30. Rxe5 Bxe5 31. Qxc6 Qg5 32. Kg2 Qxh6 33. Qxb6 Re8 34. Bxd6 Bxd6 35. Rxd6 Re5 36. Qb8+ Kg7 37. Rxg6+ 1-0

[Event "Pan American-ch U16"]
[Site "San Jose"]
[Date "2017.07.01"]
[Round "1"]
[White "Avila Pavas, Santiago"]
[Black "Flores Irurso, Paul Josue"]
[Result "1-0"]
[WhiteElo "2279"]
[BlackElo "1707"]
[PlyCount "95"]
[EventDate "2017.07.01"]
[EventType "swiss"]
[EventRounds "9"]
[EventCountry "CRI"]
[SourceTitle "EXT 2022"]
[Source "ChessBase"]
[SourceDate "2021.10.06"]
[SourceVersion "1"]
[SourceVersionDate "2021.10.06"]
[SourceQuality "1"]

1. d4 Nf6 2. Bf4 g6 3. e3 Bg7 4. Nf3 0-0 5. Be2 c5 6. 0-0 d5 7. c3 Qb6 8. Qb3 Qxb3 9. axb3 cxd4 10. exd4 Bf5 11. b4 Nbd7 12. h3 h6 13. Nbd2 a6 14. Nb3 g5 15. Bh2 Rfc8 16. Ra5 e6 17. Rfa1 Bc2 18. Nbd2 Nb6 19. Ne1 Ne4 20. Nf1 Bb3 21. f3 Nf6 22. Nd2 Bc4 23. Bxc4 Nxc4 24. Nxc4 Rxc4 25. b5 Ne8 26. bxa6 bxa6 27. Rxa6 Rxa6 28. Rxa6 Kh7 29. Nd3 Rc8 30. Kf2 Bf6 31. Ke3 Ng7 32. g4 Ne8 33. Kd2 Kg8 34. b4 Be7 35. b5 Rd8 36. Nb4 Bd6 37. Nc6 Rd7 38. Ra8 Bxh2 39. Rxe8+ Kg7 40. c4 dxc4 41. Kc3 Bc7 42. Kxc4 Kf6 43. Rh8 Kg7 44. Ra8 Bf4 45. b6 Rb7 46. Kc5 Bd6+ 47. Kxd6 Rxb6 48. Rb8 1-0